Public Money for Private Infrastructure: (Record no. 6871)
[ view plain ]
| 000 -LEADER | |
|---|---|
| fixed length control field | 00480nam a22001337a 4500 |
| 008 - FIXED-LENGTH DATA ELEMENTS--GENERAL INFORMATION | |
| fixed length control field | 200401b ||||| |||| 00| 0 eng d |
| 020 ## - INTERNATIONAL STANDARD BOOK NUMBER | |
| International Standard Book Number | 0-8213-5556-2 |
| 100 ## - MAIN ENTRY--PERSONAL NAME | |
| Personal name | Irwin, Timothy.- |
| 245 ## - TITLE STATEMENT | |
| Title | Public Money for Private Infrastructure: |
| Remainder of title | Deciding When to Offer Guarantees, Output-based Subsidies, and Other Fiscal Support/ |
| Statement of responsibility, etc. | Timothy Irwin.- |
| Medium | English. |
| 260 ## - PUBLICATION, DISTRIBUTION, ETC. (IMPRINT) | |
| Place of publication, distribution, etc. | Washington, D.C.: |
| Name of publisher, distributor, etc. | The World Bank, |
| Date of publication, distribution, etc. | 2003. |
| 300 ## - PHYSICAL DESCRIPTION | |
| Extent | IX, 54P; |
| Dimensions | 26cm.- |
| 650 ## - SUBJECT ADDED ENTRY--TOPICAL TERM | |
| Source of heading or term | MONEY |
| 942 ## - ADDED ENTRY ELEMENTS (KOHA) | |
| Source of classification or shelving scheme | Dewey Decimal Classification |
| Koha item type | BOOKS |
No items available.
